1881 1318 1256 1562 1646 1964 1151 1621 1468 1785 1171 1454 1467 1196 1569 1517 1325 1601 1908 1087 1606 1961 1866 1743 1322 1024 1100 1242 1870 1149 1137 1888 1502 1045 1651 1964 1182 1013 1506 1382 1284 1321 1886 1952 1001 1193 1768 1603 1569 1680 1780 1478 1568 1009 1248 1903 1798 1917 1787 1439 1969 1928 1713 1005 1178 1503 1328 1920 1472 1971 1320 1252 1095 1802 1036 1670 1873 1741 1128 1867 1430 1264 1350 1654 1111 1542 1497 1550 1963 1474 1592 1003 1743 1048 1490 1177 1285 1678 1625 BCNSPRNW ULIB Ver.6.0+V

เปลี่ยนเป็นภาษาไทย

Change to English
 แสดงรายละเอียดบรรณานุกรม
  กลับหน้าหลัก

Brief Record : Get Marc (ISO 2709) : E-mail record : QR code < ปิดหน้าต่าง
LEADER : 00000nam 2200000uu 4500
001    13399112738
003     ULIB
008    110907s2551||||th 000 0 tha d
050  4 LB1027^bม161ช 2551
100 0  มลสิช สิทธิสมบูรณ์
245 10 ชุดฝึกอบรมการทำผลงานวิชาการ การประเมินโครงการ /^cมลสิช สิทธิสมบูรณ์
260    พิษณุโลก :^bคณะศึกษาศาสตร์ มหาวิทยาลัยนเรศวร,^c2551
300    89 หน้า
650  7 การทำผลงานวิชาการ
650  7 การประเมินโครงการ
945    ^p143^l0^i026953
945    ^p143^l0^i026954
995    ทศพร
999 ^a ทศพร
รายการนี้ยังไม่มีแท็ก
คุณยังไม่ได้ล็อกอิน คุณสามารถมีกิจกรรมร่วมกับเว็บไซต์ได้ แต่ต้องล็อกอินก่อน ::
  ล็อกอิน

รายการสื่อสารสนเทศ

ลำดับที่ ประเภท เลขเรียก/บาร์โค้ด สถานที่ สถานะ
- ไม่พบข้อมูล -

รายการใกล้เคียง
    ผู้แต่ง [มลสิช สิทธิสมบูรณ์]

    หัวเรื่อง [การทำผลงานวิชาการ]
    หัวเรื่อง [การประเมินโครงการ]

BibComment


ยังไม่เคยถูกคอมเมนท์

คอมเมนท์ทรัพยากรรายการนี้
  คอมเมนท์: ชุดฝึกอบรมการทำผล..


 Copyright 2026. Bcnsprnw @Library